00440nam a2200085Ia 4500008004100000245017200041260000900213300011000222650002200332180130s9999 xx 000 0 und d cEckert, Tanya L.; Koenig, Elizabeth A.; Hier, Bridget O.; Arbolino, Lauren A.aThe role of teacher perspectives in diagnostic and program evaluation of academic skills c2013 aBook title: Assessment for intervention : a problem-solving approach--Acession number C17203; pages 62-76 aSCHOOL PSYCHOLOGY